00760nam a22001937a 4500003000900000008004100009020001800050040007100068082002500139100002000164245006200184260003200246300002800278505013900306650002900445650002200474650002500496700004500521AR-CdUCM190514b ||||| |||| 00| 0 spa d a968-6599-23-1 aMUNICIPALIDAD PROVINCIAL DEL CUSCOcBIBLIOTECA MUNICIPAL DEL CUSCO 23eda327.980 /bP825 aPope Atkins, G. aAmérica Latina en el sistema político internacional / aMéxico :bGernika,c1992. a515 páginas ;c22 cm. aContenido: Marco de referencia para el análisis -- El sistema político internacional -- El subsistente regional latinoamericano... aPolítica internacional aAmérica del sur aSistemas políticos aMartinez Conde, Elsa Ruth (traducción)